Hamster and gerbil / (Record no. 49382)
| 000 -LEADER | |
|---|---|
| fixed length control field | 00901nam a2200205 4500 |
| 020 ## - INTERNATIONAL STANDARD BOOK NUMBER | |
| International Standard Book Number | 9781897563311 |
| 082 ## - DEWEY DECIMAL CLASSIFICATION NUMBER | |
| Classification number | 636.935/6 |
| 100 1# - MAIN ENTRY--PERSONAL NAME | |
| Personal name | Johnson, Jinny, |
| Relator term | author. |
| 9 (RLIN) | 78960 |
| 245 10 - TITLE STATEMENT | |
| Title | Hamster and gerbil / |
| Statement of responsibility, etc | by Jinny Johnson. |
| 260 ## - PUBLICATION, DISTRIBUTION, ETC. (IMPRINT) | |
| Place of publication, distribution, etc | Mankato, Minn. : |
| Name of publisher, distributor, etc | Franklin Watts ; |
| Date of publication, distribution, etc | 11 Sept. 2008. |
| 300 ## - PHYSICAL DESCRIPTION | |
| Extent | 24 p. : |
| Other physical details | col. ill. ; |
| Dimensions | 21 cm. |
| 490 ## - SERIES STATEMENT | |
| Series statement | Get to know your pet |
| 500 ## - GENERAL NOTE | |
| General note | Includes index. |
| 505 ## - FORMATTED CONTENTS NOTE | |
| Formatted contents note | All about hamsters -- Types of hamsters -- Choosing a hamster -- Caring for a hamster -- All about gerbils -- Choosing a gerbil -- Getting ready -- Caring for a gerbil -- Cleaning cages. |
| 520 ## - SUMMARY, ETC. | |
| Summary, etc | "Describes the life, features, and habits of hamsters and gerbils. Also helps children select a new pet"-- |
| 521 2# - TARGET AUDIENCE NOTE | |
| Target audience note | K to grade 3. |
| 650 ## - SUBJECT ADDED ENTRY--TOPICAL TERM | |
| Topical term or geographic name as entry element | Hamsters as pets |
| Form subdivision | Juvenile literature. |
| 9 (RLIN) | 86585 |
| 650 #0 - SUBJECT ADDED ENTRY--TOPICAL TERM | |
| Topical term or geographic name as entry element | Gerbils as pets |
| Form subdivision | Juvenile literature. |
| 9 (RLIN) | 86586 |
| 942 ## - ADDED ENTRY ELEMENTS (KOHA) | |
| Source of classification or shelving scheme | |
| Koha item type | Book |
| Withdrawn status | Lost status | Source of classification or shelving scheme | Damaged status | Not for loan | Home library | Current library | Date acquired | Total Checkouts | Full call number | Barcode | Date last seen | Date checked out | Price effective from | Koha item type |
|---|---|---|---|---|---|---|---|---|---|---|---|---|---|---|
| Logos International School | Logos International School | 08/21/2025 | 3 | J 636.935 JOH | 042888 | 03/31/2026 | 03/17/2026 | 08/21/2025 | Book |